| 000 | 00748nam a2200133Ia 4500 | ||
|---|---|---|---|
| 008 | 171212s9999 xx 000 0 und d | ||
| 020 | _a9780833058911 | ||
| 100 | _aDunigan, Molly;Hoffmann, Dick;Chalk, Peter;Nichiporuk, Brian;DeLuca, Paul | ||
| 245 |
_cDunigan, Molly;Hoffmann, Dick;Chalk, Peter;Nichiporuk, Brian;DeLuca, Paul _aCharacterizing and Exploring the Implications of Maritime Irregular Warfare |
||
| 260 |
_bRAND Corporation _c2012 |
||
| 650 | _aHistory | ||
| 650 | _aNaval art and science; Irregular warfare -- United States -- Case studies; Riverine operations -- United States -- Case studies; Piracy -- Prevention -- Case studies; Maritime terrorism -- Prevention -- Case studies | ||
| 856 | _uwww.jstor.org/stable/10.7249/mg1127navy | ||
| 999 |
_c351846 _d351846 |
||